Premier League Players at UEFA Euro 2024 - Statistics

General Stats
  • This quiz has been taken 2,640 times
  • The average score is 60 of 100
Answer Stats
Country Answer Club % Correct
Portugal José Sá Wolverhampton Wanderers
93%
England Bukayo Saka Arsenal
89%
Belgium Kevin De Bruyne Manchester City
88%
Netherlands Virgil van Dijk Liverpool
84%
England Declan Rice Arsenal
83%
Netherlands Micky van de Ven Tottenham Hotspur
83%
Scotland Andrew Robertson Liverpool
82%
Croatia Mateo Kovačić Manchester City
82%
Portugal Bruno Fernandes Manchester United
81%
Denmark Christian Eriksen Manchester United
81%
Croatia Joško Gvardiol Manchester City
81%
Portugal Bernardo Silva Manchester City
80%
England Phil Foden Manchester City
80%
England Cole Palmer Chelsea
79%
Germany Kai Havertz Arsenal
79%
England Ollie Watkins Aston Villa
79%
Netherlands Cody Gakpo Liverpool
78%
Belgium Leandro Trossard Arsenal
78%
Ukraine Oleksandr Zinchenko Arsenal
78%
Spain Rodri Manchester City
78%
France William Saliba Arsenal
78%
Hungary Dominik Szoboszlai Liverpool
77%
Belgium Jérémy Doku Manchester City
77%
England John Stones Manchester City
77%
Netherlands Nathan Aké Manchester City
77%
Scotland Scott McTominay Manchester United
77%
England Trent Alexander-Arnold Liverpool
77%
England Jordan Pickford Everton
76%
Switzerland Manuel Akanji Manchester City
76%
France Ibrahima Konaté Liverpool
75%
Portugal Rúben Dias Manchester City
75%
Portugal Diogo Jota Liverpool
74%
England Kyle Walker Manchester City
74%
Ukraine Mykhaylo Mudryk Chelsea
74%
Italy Jorginho Arsenal
73%
England Eberechi Eze Crystal Palace
71%
England Luke Shaw Manchester United
70%
Czech Republic Tomáš Souček West Ham United
70%
England Aaron Ramsdale Arsenal
69%
Denmark Rasmus Højlund Manchester United
69%
Scotland John McGinn Aston Villa
68%
Belgium Youri Tielemans Aston Villa
68%
Portugal Diogo Dalot Manchester United
67%
Spain Marc Cucurella Chelsea
67%
England Marc Guéhi Crystal Palace
67%
England Ivan Toney Brentford
66%
England Anthony Gordon Newcastle United
65%
Spain David Raya Arsenal
65%
Italy Guglielmo Vicario Tottenham Hotspur
65%
Belgium Amadou Onana Everton
64%
England Jarrod Bowen West Ham United
64%
Denmark Pierre-Emile Højbjerg Tottenham Hotspur
64%
Switzerland Fabian Schär Newcastle United
63%
Poland Jakub Kiwior Arsenal
62%
England Kobbie Mainoo Manchester United
61%
England Kieran Trippier Newcastle United
60%
Germany Pascal Groß Brighton & Hove Albion
60%
Romania Radu Drăgușin Tottenham Hotspur
60%
Czech Republic Vladimír Coufal West Ham United
60%
England Dean Henderson Crystal Palace
58%
England Joe Gomez Liverpool
58%
England Lewis Dunk Brighton & Hove Albion
58%
Netherlands Ryan Gravenberch Liverpool
58%
England Ezri Konsa Aston Villa
56%
France Alphonse Areola West Ham United
54%
Belgium Wout Faes Leicester City
53%
Albania Armando Broja Fulham
51%
England Conor Gallagher Chelsea
51%
England Adam Wharton Crystal Palace
50%
Slovakia Martin Dúbravka Newcastle United
49%
Ukraine Vitaliy Mykolenko Everton
49%
Portugal Matheus Nunes Manchester City
48%
Portugal João Palhinha Fulham
47%
Denmark Mikkel Damsgaard Brentford
47%
Hungary Milos Kerkez Bournemouth
47%
Belgium Timothy Castagne Fulham
46%
Turkey Altay Bayındır Manchester United
44%
Serbia Đorđe Petrović Chelsea
44%
Denmark Joachim Andersen Crystal Palace
43%
Poland Jan Bednarek Southampton
42%
Portugal Pedro Neto Wolverhampton Wanderers
42%
Netherlands Bart Verbruggen Brighton & Hove Albion
40%
Denmark Christian Nørgaard Brentford
40%
Scotland Ché Adams Southampton
39%
Netherlands Mark Flekken Brentford
37%
Scotland Billy Gilmour Brighton & Hove Albion
35%
Denmark Mathias Jensen Brentford
33%
Belgium Matz Sels Nottingham Forest
33%
Portugal Nélson Semedo Wolverhampton Wanderers
33%
Ukraine Illya Zabarnyi Bournemouth
32%
Albania Thomas Strakosha Brentford
31%
Scotland Ryan Christie Bournemouth
29%
Serbia Saša Lukić Fulham
29%
Poland Jakub Moder Brighton & Hove Albion
28%
Scotland Stuart Armstrong Southampton
28%
Denmark Jannik Vestergaard Leicester City
26%
Denmark Mathias Jørgensen Brentford
19%
Slovakia Marek Rodák Fulham
16%
Denmark Mads Hermansen Brentford
13%
Turkey Yunus Akgün Leicester City
9%
No matching quizzes found
Score Distribution
Percent of People with Each Score
Percentile by Number Answered
Your Score History
You have not taken this quiz